000 00683nam a2200205Ia 4500
003 GCL
008 140319s9999 xx 000 0 ara d
040 _aGCL /
_cGCL
082 0 4 _aم
_b150.03
_bس ا
100 1 _aرالف رزق الله
245 1 0 _aاعلام علم النفس /
_cرالف رزق الله
700 1 _aسيلامى، نوربير
260 _a[S.N] :
_bالمؤسسة الجامعية للدراسات والنشر والتوزيع ،
_c1991
300 _a238 ص
490 _aالموسوعة الحديثة فى التكنولوجيا
_v0
650 0 4 _aالعلماء
650 0 4 _aعلم النفس
650 0 4 _aالمعاجم
942 _2ddc
_cREF
999 _c59494
_d59494